00586cam a2200169Ma 4500001001000000003000600010005001700016008004100033035002100074040002700095082001600122100004300138245014500181260004900326300002100375650002000396814448779OCoLC20180908141935.0990207s1944 mou 000 0 eng d a(OCoLC)814448779 aLQ4cLQ4dOCLCOdCIRBC a242bH2932S1 aHarper, A. F.q(Albert Foster),d1907-14aThe story of ourselves :ba study for teachers and parents--co-workers with God in the creation of Christian personality /cby A. F. Harper. aKansas City, MO :bBeacon Hill Press,c1944. a232 p. ;c19 cm.00aChristian life.